[Event "1617LLO"]
[Site "Mecklenburg-Vorpommern"]
[Date "2016.10.16"]
[Round "1.5"]
[White "Buenz, Heinrich"]
[Black "Schumann, Lutz"]
[Result "0-1"]
[WhiteElo "1638"]
[BlackElo "1764"]
[PlyCount "80"]
[EventDate "2016.11.06"]
[EventType "team-tourn"]
[EventRounds "9"]
[SourceDate "2016.10.16"]
[WhiteTeam "SG Neubrandenburg II"]
[BlackTeam "SSC Graal-Mueritz"]

1. Nf3 Nf6 2. c4 g6 3. b3 Bg7 4. Bb2 O-O 5. g3 d6 6. Bg2 e5 7. O-O Nc6 8. d3
Bg4 9. Nbd2 Qd7 10. Rc1 Rae8 11. Ng5 h6 12. Nge4 Nh7 13. h4 Bh3 14. Kh2 Bxg2
15. Kxg2 f5 16. Nc3 Nf6 17. e3 Nb4 18. Qe2 f4 19. a3 Nc6 20. Nce4 Nxe4 21. Nxe4
f3+ 22. Qxf3 Rxf3 23. Kxf3 Qf5+ 24. Ke2 Rf8 25. f3 Ne7 26. Rf2 Qe6 27. b4 c6
28. Rc2 b6 29. Bc1 d5 30. Nd2 Qh3 31. Nf1 Nf5 32. cxd5 cxd5 33. Rc7 Nxg3+ 34.
Nxg3 Qxg3 35. Rxa7 e4 36. dxe4 dxe4 37. f4 Qg4+ 38. Kd2 Rd8+ 39. Kc2 Qd1+ 40.
Kb1 Qb3+ 0-1

[Event "1617LLO"]
[Site "Mecklenburg-Vorpommern"]
[Date "2016.10.16"]
[Round "1.6"]
[White "Schulz, Wolf Detlef"]
[Black "Friedrich, Joerg"]
[Result "1-0"]
[WhiteElo "1723"]
[BlackElo "1599"]
[PlyCount "67"]
[EventDate "2016.11.06"]
[EventType "team-tourn"]
[EventRounds "9"]
[SourceDate "2016.10.16"]
[WhiteTeam "SSC Graal-Mueritz"]
[BlackTeam "SG Neubrandenburg II"]

1. e4 c5 2. Nc3 g6 3. f4 Bg7 4. Nf3 d6 5. Bc4 e6 6. d4 cxd4 7. Nxd4 Qb6 8. Ndb5
Bxc3+ 9. bxc3 Ke7 10. Ba3 Na6 11. Nxd6 Qe3+ 12. Kf1 Qxf4+ 13. Qf3 Qxf3+ 14.
gxf3 Kf6 15. e5+ Kg7 16. Ne8+ Kh6 17. Bf8+ Kh5 18. Bg7 Bd7 19. Nd6 Ne7 20. f4
Nd5 21. Be2+ Kh4 22. Rg1 h5 23. Rg3 Rh7 24. Bf6+ Nxf6 25. exf6 Nc5 26. Rb1 Bc6
27. Rb4 Rd8 28. f5+ Ne4 29. Nxe4 a5 30. Rc4 Bb5 31. Rd4 Rxd4 32. cxd4 Bc6 33.
Ng5 exf5 34. Nxh7 1-0

[Event "1617LLO"]
[Site "Mecklenburg-Vorpommern"]
[Date "2016.10.16"]
[Round "1.8"]
[White "Rath, Wolfgang"]
[Black "Meyer, Detlef"]
[Result "1-0"]
[WhiteElo "1655"]
[BlackElo "1775"]
[PlyCount "63"]
[EventDate "2016.11.06"]
[EventType "team-tourn"]
[EventRounds "9"]
[SourceDate "2016.10.16"]
[WhiteTeam "SSC Graal-Mueritz"]
[BlackTeam "SG Neubrandenburg II"]

1. e4 e6 2. d4 d5 3. exd5 exd5 4. Nf3 Bd6 5. Be3 Nf6 6. Nbd2 O-O 7. Bd3 Ng4 8.
O-O Nxe3 9. fxe3 Nc6 10. c3 Bg4 11. Qc2 f5 12. h3 Bxf3 13. Nxf3 g6 14. Qb3 Kg7
15. Rae1 Na5 16. Qc2 Nc6 17. a3 Bg3 18. Re2 Qf6 19. c4 dxc4 20. Qxc4 Rad8 21.
b4 Rfe8 22. d5 Ne7 23. e4 Qb6+ 24. Qd4+ Qxd4+ 25. Nxd4 fxe4 26. Ne6+ Kh6 27.
Nxd8 exd3 28. Nf7+ Kg7 29. Re3 Nf5 30. Rxe8 Kxf7 31. Re3 Kg7 32. Rxf5 1-0

[Event "1617LLO"]
[Site "Mecklenburg-Vorpommern"]
[Date "2016.10.16"]
[Round "1.1"]
[White "Voelschow, Siegfried"]
[Black "Lange, Jannis"]
[Result "1/2-1/2"]
[WhiteElo "1938"]
[BlackElo "1778"]
[PlyCount "92"]
[EventDate "2016.11.06"]
[EventType "team-tourn"]
[EventRounds "9"]
[SourceDate "2016.10.16"]
[WhiteTeam "Waterkant Saal"]
[BlackTeam "Motor Wolgast"]

1. e4 c5 2. c3 d5 3. exd5 Qxd5 4. d4 Nc6 5. Nf3 Bg4 6. Be2 cxd4 7. cxd4 e6 8.
O-O Nf6 9. Nc3 Qa5 10. a3 Bd6 11. Nb5 Bb8 12. b4 Qd8 13. Bg5 a6 14. Nc3 Qd6 15.
g3 Ba7 16. Bxf6 gxf6 17. d5 exd5 18. Qxd5 Rd8 19. Qe4+ Qe6 20. b5 axb5 21.
Qxe6+ fxe6 22. Nxb5 Bc5 23. Rfc1 b6 24. Nc7+ Ke7 25. Na6 Bxf3 26. Bxf3 Ne5 27.
Be2 Bd4 28. Rc7+ Rd7 29. Rxd7+ Nxd7 30. Rd1 e5 31. Nb4 Rc8 32. Bg4 Rc5 33. Bf3
Kd6 34. Be4 h6 35. Kg2 Rc3 36. Nc2 Nc5 37. Bf5 Nb3 38. f4 Kc5 39. fxe5 fxe5 40.
g4 Na5 41. h4 Nc4 42. g5 Rxc2+ 43. Bxc2 Ne3+ 44. Kf3 Nxd1 45. Bxd1 hxg5 46.
hxg5 Kd6 1/2-1/2

[Event "1617LLO"]
[Site "Mecklenburg-Vorpommern"]
[Date "2016.10.16"]
[Round "1.2"]
[White "Tarasow, Alexey"]
[Black "Schwarz, Eckhard"]
[Result "1-0"]
[WhiteElo "1861"]
[BlackElo "1854"]
[PlyCount "101"]
[EventDate "2016.11.06"]
[EventType "team-tourn"]
[EventRounds "9"]
[SourceDate "2016.10.16"]
[WhiteTeam "Motor Wolgast"]
[BlackTeam "Waterkant Saal"]

1. e4 e6 2. Nc3 d5 3. Nf3 d4 4. Ne2 Nc6 5. Ng3 e5 6. Bb5 Bd6 7. d3 Nge7 8. O-O
a6 9. Ba4 b5 10. Bb3 Na5 11. Bd2 Nxb3 12. axb3 O-O 13. Nh4 f5 14. Nhxf5 Nxf5
15. Nxf5 Bxf5 16. exf5 Qh4 17. g3 Qh3 18. Qf3 Qxf5 19. Qxf5 Rxf5 20. Ra2 Rf6
21. Rfa1 Bf8 22. Ra5 Rb6 23. Kg2 Kf7 24. Kf3 Rf6+ 25. Ke2 Rb6 26. Kf3 Rf6+ 27.
Ke2 Rb6 28. R1a2 Be7 29. c4 bxc4 30. bxc4 c5 31. g4 Rab8 32. Bc1 Ra8 33. h4 Rc6
34. b4 cxb4 35. Rxe5 b3 36. Raa5 Bb4 37. Rad5 Bc3 38. Rd7+ Kg8 39. Rb7 b2 40.
Bxb2 Bxb2 41. Rxb2 Rd8 42. Rb7 Rg6 43. g5 h6 44. f4 hxg5 45. fxg5 Rdd6 46. Re8+
Kh7 47. Rbb8 Rge6+ 48. Kf3 Rxe8 49. Rxe8 Kg6 50. Kg4 Kf7 51. Rb8 1-0

[Event "1617LLO"]
[Site "Mecklenburg-Vorpommern"]
[Date "2016.10.16"]
[Round "1.3"]
[White "Wiese, Frank"]
[Black "Reinke, Thomas"]
[Result "1/2-1/2"]
[WhiteElo "1900"]
[BlackElo "1876"]
[PlyCount "95"]
[EventDate "2016.11.06"]
[EventType "team-tourn"]
[EventRounds "9"]
[SourceDate "2016.10.16"]
[WhiteTeam "Waterkant Saal"]
[BlackTeam "Motor Wolgast"]

1. d4 f5 2. Bg5 Nf6 3. Bxf6 exf6 4. g3 d5 5. Bg2 c6 6. e3 Bd6 7. Ne2 O-O 8. O-O
Be6 9. Nd2 Nd7 10. b3 Nb6 11. Qc1 Rc8 12. c4 c5 13. dxc5 Bxc5 14. Nf4 Bf7 15.
Rd1 Qe7 16. Qc2 g6 17. Nd3 dxc4 18. Nxc5 Rxc5 19. bxc4 Nxc4 20. Nxc4 Rxc4 21.
Qd3 Rc7 22. Rd2 Kg7 23. Rad1 Rfc8 24. Qb5 Rc1 25. a4 b6 26. Bf3 R8c5 27. Qd7
Rxd1+ 28. Bxd1 Rc7 29. Qxe7 Rxe7 30. Be2 Rc7 31. Bb5 Be6 32. Rd6 Kf7 33. Rd8
Ke7 34. Re8+ Kd6 35. Rd8+ Kc5 36. Rd4 Bd5 37. Kf1 Re7 38. Ke1 Re4 39. Rd1 Re7
40. Rd4 Bb7 41. Rc4+ Kd6 42. Rd4+ Kc7 43. Rc4+ Kb8 44. Rd4 a6 45. Bd3 Bc8 46.
Rd6 Rd7 47. Rxb6+ Ka7 48. Rb3 1/2-1/2

[Event "1617LLO"]
[Site "Mecklenburg-Vorpommern"]
[Date "2016.10.16"]
[Round "1.4"]
[White "Riebort, Frank"]
[Black "Onasch, Gunnar"]
[Result "1/2-1/2"]
[WhiteElo "1878"]
[BlackElo "1804"]
[PlyCount "63"]
[EventDate "2016.11.06"]
[EventType "team-tourn"]
[EventRounds "9"]
[SourceDate "2016.10.16"]
[WhiteTeam "Motor Wolgast"]
[BlackTeam "Waterkant Saal"]

1. d4 Nf6 2. c4 c5 3. d5 e6 4. Nc3 exd5 5. cxd5 d6 6. Bg5 h6 7. Bh4 g5 8. Bg3
Nh5 9. e4 Nxg3 10. hxg3 Bg7 11. Bd3 O-O 12. Nge2 a6 13. a4 Nd7 14. O-O Ne5 15.
b3 Nxd3 16. Qxd3 Bd7 17. Rab1 Qc7 18. Rfc1 Rab8 19. b4 c4 20. Qe3 b5 21. a5
Rbe8 22. Qd2 Qa7 23. Rd1 f5 24. Nd4 fxe4 25. Qe3 Bxd4 26. Rxd4 Bf5 27. Re1 Qf7
28. Qd2 Re5 29. Nxe4 Rfe8 30. f3 Qg6 31. Qe2 Bxe4 32. Rxe4 1/2-1/2

[Event "1617LLO"]
[Site "Mecklenburg-Vorpommern"]
[Date "2016.10.16"]
[Round "1.5"]
[White "Richter, Frank"]
[Black "Klotzsche, Stefan"]
[Result "1/2-1/2"]
[WhiteElo "1691"]
[BlackElo "1753"]
[PlyCount "79"]
[EventDate "2016.11.06"]
[EventType "team-tourn"]
[EventRounds "9"]
[SourceDate "2016.10.16"]
[WhiteTeam "Waterkant Saal"]
[BlackTeam "Motor Wolgast"]

1. d4 Nf6 2. Nc3 d5 3. Nf3 Nbd7 4. e3 b6 5. Be2 Bb7 6. O-O e6 7. a4 a6 8. Na2
Be7 9. Bd2 O-O 10. c4 Rc8 11. b4 c5 12. cxd5 Nxd5 13. Qb3 cxd4 14. exd4 Bd6 15.
Rac1 Qe7 16. Bd3 N7f6 17. h3 Nf4 18. Bxf4 Bxf4 19. Rxc8 Rxc8 20. b5 Bb8 21. Ne5
a5 22. Rc1 Rxc1+ 23. Nxc1 Qd6 24. Ne2 Nd5 25. Qb1 g6 26. Be4 f5 27. Bf3 Qa3 28.
Bxd5 Bxd5 29. Qc2 Bb7 30. f4 Qe3+ 31. Kf1 Qe4 32. Qxe4 Bxe4 33. Nd7 Bc7 34.
Nf6+ Kf7 35. Nxe4 fxe4 36. Kf2 h6 37. Ke3 Kf6 38. Kxe4 Bd6 39. g4 g5 40. Kf3
1/2-1/2

[Event "1617LLO"]
[Site "Mecklenburg-Vorpommern"]
[Date "2016.10.16"]
[Round "1.6"]
[White "Schubert, Volker"]
[Black "Ehmann, Roland"]
[Result "1/2-1/2"]
[WhiteElo "1897"]
[BlackElo "1540"]
[PlyCount "78"]
[EventDate "2016.11.06"]
[EventType "team-tourn"]
[EventRounds "9"]
[SourceDate "2016.10.16"]
[WhiteTeam "Motor Wolgast"]
[BlackTeam "Waterkant Saal"]

1. d4 d5 2. c4 c6 3. Nf3 e6 4. e3 f5 5. Nc3 Nf6 6. Bd3 Bd6 7. O-O O-O 8. Ne5
Qc7 9. f4 Ne4 10. Bd2 Nd7 11. Rc1 Ndf6 12. Be1 Qe7 13. Bh4 Qe8 14. Rf3 Qh5 15.
Qe1 Nxc3 16. bxc3 Ne4 17. Rh3 Qe8 18. Be2 c5 19. Rc2 b6 20. Bf3 Qa4 21. Bd1 Qe8
22. g4 Bb7 23. g5 g6 24. Bf2 Bxe5 25. dxe5 dxc4 26. Rh6 Rd8 27. Bf3 Rd3 28. h4
Kg7 29. h5 Qd7 30. hxg6 hxg6 31. Qf1 Nxf2 32. Qxf2 Bxf3 33. Qxf3 Rd1+ 34. Kf2
Rd2+ 35. Rxd2 Qxd2+ 36. Kg3 Qe1+ 37. Kg2 Rf7 38. Qh3 Qe2+ 39. Kh1 Qd1+ 1/2-1/2

[Event "1617LLO"]
[Site "Mecklenburg-Vorpommern"]
[Date "2016.10.16"]
[Round "1.7"]
[White "Nickel, Udo"]
[Black "Schellner, Ulf"]
[Result "0-1"]
[WhiteElo "1633"]
[BlackElo "1630"]
[PlyCount "56"]
[EventDate "2016.11.06"]
[EventType "team-tourn"]
[EventRounds "9"]
[SourceDate "2016.10.16"]
[WhiteTeam "Waterkant Saal"]
[BlackTeam "Motor Wolgast"]

1. d4 d5 2. c4 e6 3. Nc3 Nf6 4. Bg5 Be7 5. e3 h6 6. Bh4 O-O 7. Nf3 Nbd7 8. Qb3
dxc4 9. Bxc4 Nb6 10. Bxf6 Bxf6 11. Bd3 Nd5 12. O-O Nxc3 13. Qxc3 Qe7 14. Rac1
c6 15. a3 Bd7 16. h3 Rfc8 17. b4 Be8 18. Rfe1 Qd8 19. Be4 g6 20. Qb3 Qb6 21.
Bxg6 fxg6 22. Qxe6+ Kg7 23. Ne5 Qc7 24. f4 Bf7 25. Nxf7 Qxf7 26. Qg4 Re8 27. f5
Bg5 28. Rf1 Bxe3+ 0-1

[Event "1617LLO"]
[Site "Mecklenburg-Vorpommern"]
[Date "2016.10.16"]
[Round "1.8"]
[White "Ploch, Gregor"]
[Black "Hiltner, Harald"]
[Result "1/2-1/2"]
[WhiteElo "1660"]
[BlackElo "1518"]
[PlyCount "31"]
[EventDate "2016.11.06"]
[EventType "team-tourn"]
[EventRounds "9"]
[SourceDate "2016.10.16"]
[WhiteTeam "Motor Wolgast"]
[BlackTeam "Waterkant Saal"]

1. c4 e5 2. Nc3 Nc6 3. Nf3 g6 4. g3 Bg7 5. Bg2 d5 6. O-O Nge7 7. d3 O-O 8. e4
Bg4 9. Ne2 Qc8 10. Be3 Bxf3 11. Bxf3 Nd4 12. Bg2 c5 13. Nc3 Qd7 14. Nxd5 Nxd5
15. cxd5 b6 16. Rb1 1/2-1/2

[Event "1617LLO"]
[Site "Mecklenburg-Vorpommern"]
[Date "2016.11.06"]
[Round "2.1"]
[White "Kilp, Andreas"]
[Black "Burwitz, Joerg"]
[Result "1/2-1/2"]
[WhiteElo "1701"]
[BlackElo "1753"]
[PlyCount "37"]
[EventDate "2016.11.06"]
[EventType "team-tourn"]
[EventRounds "9"]
[SourceDate "2016.10.16"]
[WhiteTeam "SAV Torgelow-Droegeheide II"]
[BlackTeam "RUGIA Bergen"]

1. e4 c6 2. d4 d5 3. exd5 cxd5 4. Bd3 Nf6 5. c3 g6 6. Bf4 Bg7 7. Nf3 Bg4 8.
Nbd2 Nbd7 9. h3 Bxf3 10. Qxf3 e6 11. Bd6 Qb6 12. Ba3 Bf8 13. Bxf8 Kxf8 14. Nb3
Kg7 15. O-O Rac8 16. Rfe1 a5 17. Rab1 a4 18. Nd2 Qa7 19. Bb5 1/2-1/2

[Event "1617LLO"]
[Site "Mecklenburg-Vorpommern"]
[Date "2016.11.06"]
[Round "2.2"]
[White "Pawlick, Helmut"]
[Black "Bollnow, Alex"]
[Result "1/2-1/2"]
[WhiteElo "1830"]
[BlackElo "1592"]
[PlyCount "98"]
[EventDate "2016.11.06"]
[EventType "team-tourn"]
[EventRounds "9"]
[SourceDate "2016.10.16"]
[WhiteTeam "RUGIA Bergen"]
[BlackTeam "SAV Torgelow-Droegeheide II"]

1. e4 c5 2. d4 cxd4 3. c3 dxc3 4. Nxc3 Nc6 5. Nf3 d6 6. Bc4 Nf6 7. Bg5 e6 8.
O-O Be7 9. Qe2 O-O 10. Rfd1 a6 11. Rac1 Ng4 12. Bf4 b5 13. Bb3 Bb7 14. h3 Nf6
15. e5 Nd7 16. exd6 Bf6 17. Ne4 Na5 18. Nxf6+ Qxf6 19. Bg3 Nxb3 20. axb3 Rac8
21. Rc7 Rxc7 22. dxc7 Nb6 23. Ne5 Qe7 24. Rc1 Rc8 25. Nc6 Qd7 26. Ne5 Qe7 27.
Nc6 Qd7 28. Na7 Ra8 29. Qe3 Nc8 30. Nxc8 Rxc8 31. Qb6 Qd5 32. f3 Qd2 33. Re1
Qd5 34. Kh2 Qc6 35. Qd4 Qd5 36. Qh4 f6 37. Qb4 Kf7 38. Qc3 e5 39. Rc1 Ke7 40.
Bf2 Kd7 41. Bb6 Qd6 42. Bc5 Qc6 43. Qd3+ Ke6 44. Be3 Qd6 45. Qxh7 Rxc7 46. Qg8+
Rf7 47. Bc5 Qd7 48. Re1 Qc8 49. Qxc8+ Bxc8 1/2-1/2

[Event "1617LLO"]
[Site "Mecklenburg-Vorpommern"]
[Date "2016.11.06"]
[Round "2.3"]
[White "Schmekel, Felix"]
[Black "Pawlowicz, Karsten"]
[Result "1-0"]
[WhiteElo "1641"]
[BlackElo "1631"]
[PlyCount "79"]
[EventDate "2016.11.06"]
[EventType "team-tourn"]
[EventRounds "9"]
[SourceDate "2016.10.16"]
[WhiteTeam "SAV Torgelow-Droegeheide II"]
[BlackTeam "RUGIA Bergen"]

1. d4 d5 2. c4 dxc4 3. e4 e6 4. Bxc4 c6 5. Nf3 Nf6 6. Nc3 Bb4 7. Bd3 h6 8. O-O
Ba5 9. h3 Bb6 10. Bc2 Na6 11. a3 Nc7 12. Qd3 Bd7 13. Rd1 Qe7 14. Bd2 c5 15. d5
exd5 16. exd5 Qd6 17. Re1+ Kd8 18. Re5 Re8 19. Rae1 a6 20. Bf4 Qf8 21. a4 Ba7
22. Bg3 Bb8 23. R5e3 Rxe3 24. Rxe3 Nce8 25. Be5 Bxe5 26. Nxe5 Nd6 27. Nxd7 Nxd7
28. a5 Kc7 29. Ba4 Re8 30. Qe2 f5 31. Re6 Rxe6 32. dxe6 Nf6 33. e7 Qf7 34. Qe5
Nfe8 35. Qxc5+ Kb8 36. Qe5 Ka8 37. Nd5 Nc4 38. Nc7+ Nxc7 39. Qxc7 b5 40. axb6
1-0

[Event "1617LLO"]
[Site "Mecklenburg-Vorpommern"]
[Date "2016.11.06"]
[Round "2.4"]
[White "Tabbert, Dirk"]
[Black "Greinert, Timo"]
[Result "1/2-1/2"]
[WhiteElo "1642"]
[BlackElo "1805"]
[PlyCount "40"]
[EventDate "2016.11.06"]
[EventType "team-tourn"]
[EventRounds "9"]
[SourceDate "2016.10.16"]
[WhiteTeam "RUGIA Bergen"]
[BlackTeam "SAV Torgelow-Droegeheide II"]

1. c4 c6 2. Nc3 d5 3. cxd5 cxd5 4. d4 Nf6 5. Bg5 e6 6. e3 Be7 7. Nf3 Nc6 8. Bb5
a6 9. Bxc6+ bxc6 10. Ne5 Bd7 11. O-O c5 12. dxc5 Bxc5 13. Nxd7 Qxd7 14. Bxf6
gxf6 15. Rc1 Bd6 16. Qf3 f5 17. Rc2 Ke7 18. Rfc1 Rhg8 19. Ne2 Rg4 20. Nd4 Rag8
1/2-1/2

[Event "1617LLO"]
[Site "Mecklenburg-Vorpommern"]
[Date "2016.11.06"]
[Round "2.5"]
[White "Schmekel, Matthias"]
[Black "Scheel, Manfred"]
[Result "1-0"]
[WhiteElo "1527"]
[BlackElo "1676"]
[PlyCount "75"]
[EventDate "2016.11.06"]
[EventType "team-tourn"]
[EventRounds "9"]
[SourceDate "2016.10.16"]
[WhiteTeam "SAV Torgelow-Droegeheide II"]
[BlackTeam "RUGIA Bergen"]

1. e4 e5 2. Nf3 Nc6 3. d4 exd4 4. Nxd4 Nxd4 5. Qxd4 Qf6 6. Qc4 c6 7. Nc3 b5 8.
Qd3 a5 9. Be2 Ba6 10. Qe3 Qe5 11. f4 Qc5 12. Qg3 Nf6 13. a3 g6 14. Be3 Qe7 15.
e5 Nd5 16. Nxd5 cxd5 17. Bb6 b4 18. Bf3 Bb7 19. O-O bxa3 20. b3 Bc6 21. Bc7
Qc5+ 22. Rf2 Qc3 23. Rff1 Bb5 24. Rfd1 Qxc7 25. Bxd5 Bc6 26. Bc4 Bb4 27. c3
Bc5+ 28. Kh1 O-O 29. h4 d6 30. h5 d5 31. Bd3 Be8 32. f5 f6 33. fxg6 hxg6 34.
hxg6 Qxe5 35. Qh3 Qe7 36. Bf5 Rd8 37. Be6+ Qxe6 38. Qh7# 1-0

[Event "1617LLO"]
[Site "Mecklenburg-Vorpommern"]
[Date "2016.11.06"]
[Round "2.6"]
[White "Behrens, Christoph"]
[Black "Kasel, Alexander"]
[Result "1-0"]
[WhiteElo "1583"]
[BlackElo "1707"]
[PlyCount "57"]
[EventDate "2016.11.06"]
[EventType "team-tourn"]
[EventRounds "9"]
[SourceDate "2016.10.16"]
[WhiteTeam "RUGIA Bergen"]
[BlackTeam "SAV Torgelow-Droegeheide II"]

1. e4 c5 2. Nf3 e6 3. Nc3 a6 4. b3 Qc7 5. Bb2 Nf6 6. d3 d5 7. exd5 exd5 8. Qe2+
Be7 9. g3 b5 10. a3 Bb7 11. Bg2 Nc6 12. O-O O-O 13. Nd1 Rfe8 14. Qd2 Rad8 15.
Re1 Qb6 16. Ne3 c4 17. Nf5 cxb3 18. cxb3 h6 19. N3d4 Nxd4 20. Bxd4 Bc5 21. Bxc5
Qxc5 22. d4 Rxe1+ 23. Qxe1 Qc2 24. Qe7 Rd7 25. Qe5 Qxb3 26. Nxh6+ Kf8 27. Qb8+
Ne8 28. Re1 Re7 29. Rxe7 {ZÜ} 1-0

[Event "1617LLO"]
[Site "Mecklenburg-Vorpommern"]
[Date "2016.11.06"]
[Round "2.7"]
[White "Schmidt, Paul"]
[Black "Jepp, Wolfgang"]
[Result "0-1"]
[WhiteElo "1424"]
[BlackElo "1501"]
[PlyCount "94"]
[EventDate "2016.11.06"]
[EventType "team-tourn"]
[EventRounds "9"]
[SourceDate "2016.10.16"]
[WhiteTeam "SAV Torgelow-Droegeheide II"]
[BlackTeam "RUGIA Bergen"]

1. e4 c5 2. d4 cxd4 3. c3 dxc3 4. Nxc3 Nc6 5. Nf3 e6 6. Bg5 Qb6 7. Qd2 Be7 8.
Bxe7 Ngxe7 9. Bc4 O-O 10. O-O Qc5 11. Bb3 Rd8 12. Rac1 Qa5 13. Rfd1 b6 14. Qd6
Ba6 15. Ba4 Qc5 16. Qg3 Qh5 17. a3 Rac8 18. b4 b5 19. Bb3 Bb7 20. e5 a6 21. Qf4
Ng6 22. Qe3 Ncxe5 23. Nxe5 Qxe5 24. Qb6 Qb8 25. Qe3 Nf4 26. g3 Nh3+ 27. Kf1 Qa8
28. Rd4 Bg2+ 29. Ke2 h6 30. Bd1 Ng1+ 31. Kd2 Bf3 32. Bc2 Nh3 33. Rh4 Ng5 34.
Rf4 Rc4 35. h4 Rxf4 36. Qxf4 Nh7 37. Bxh7+ Kxh7 38. Qxf7 Be4 39. Re1 Bg6 40.
Qf4 Rf8 41. Qd4 Qc6 42. Re3 Rxf2+ 43. Re2 Rxe2+ 44. Nxe2 Qc2+ 45. Ke1 Qd3 46.
Qb2 Qb1+ 47. Qxb1 Bxb1 0-1

[Event "1617LLO"]
[Site "Mecklenburg-Vorpommern"]
[Date "2016.11.06"]
[Round "2.8"]
[White "Feldt, Horst"]
[Black "Plock, Joerg"]
[Result "1/2-1/2"]
[WhiteElo "1580"]
[BlackElo "1621"]
[PlyCount "63"]
[EventDate "2016.11.06"]
[EventType "team-tourn"]
[EventRounds "9"]
[SourceDate "2016.10.16"]
[WhiteTeam "RUGIA Bergen"]
[BlackTeam "SAV Torgelow-Droegeheide II"]

1. d4 g6 2. c4 d6 3. e4 Nf6 4. Nc3 Bg7 5. Be3 O-O 6. Bd3 Nc6 7. Nge2 e5 8. d5
Ne7 9. f3 Bd7 10. Qd2 Ne8 11. g4 a6 12. Ng3 Rb8 13. h4 b5 14. cxb5 Bxb5 15.
Nxb5 axb5 16. h5 c5 17. Bh6 c4 18. Be2 f6 19. Bxg7 Nxg7 20. hxg6 hxg6 21. Kf2
Kf7 22. Rh7 Rh8 23. Rah1 Rxh7 24. Rxh7 Ng8 25. a3 Qb6+ 26. Kg2 Qd4 27. Nf1 Qxd2
28. Nxd2 Ne7 29. Kf2 Kg8 30. Rh1 f5 31. gxf5 gxf5 32. Ra1 1/2-1/2

[Event "1617LLO"]
[Site "Mecklenburg-Vorpommern"]
[Date "2016.11.06"]
[Round "2.1"]
[White "Moeller, Peter"]
[Black "Hartung, Lothar"]
[Result "1-0"]
[WhiteElo "1962"]
[BlackElo "1799"]
[PlyCount "87"]
[EventDate "2016.11.06"]
[EventType "team-tourn"]
[EventRounds "9"]
[SourceDate "2016.10.16"]
[WhiteTeam "HSG Uni Rostock"]
[BlackTeam "SG Neubrandenburg II"]

1. d4 d5 2. Bf4 Nf6 3. e3 e6 4. Nd2 c5 5. c3 Nc6 6. Ngf3 h6 7. Ne5 Nxe5 8. Bxe5
Bd7 9. Bd3 c4 10. Bc2 b5 11. O-O Be7 12. h3 Bc6 13. Nf3 Bd6 14. Bxd6 Qxd6 15.
Ne5 O-O 16. f4 Nd7 17. Rf3 Nxe5 18. fxe5 Qe7 19. Qd2 f5 20. exf6 Rxf6 21. Rxf6
Qxf6 22. Rf1 Qe7 23. Bb1 g5 24. Rf3 Rf8 25. Qc2 Qg7 26. Rxf8+ Kxf8 27. Qf2+ Qf7
28. Qg3 Be8 29. Qe5 Kg8 30. Bc2 Bd7 31. Qb8+ Be8 32. Bd1 Kh7 33. Bg4 h5 34. Be2
Kg7 35. Kh2 Qe7 36. Bd1 Bf7 37. Qe5+ Qf6 38. Qc7 Kg6 39. Bc2+ Kh6 40. Qxa7 Qf2
41. Qe7 Bg8 42. Bd1 h4 43. Qd6 Qxe3 44. Qf8+ 1-0

[Event "1617LLO"]
[Site "Mecklenburg-Vorpommern"]
[Date "2016.11.06"]
[Round "2.2"]
[White "Hoerhold, Martin"]
[Black "Hammel, Ralf"]
[Result "1/2-1/2"]
[WhiteElo "1718"]
[BlackElo "1928"]
[PlyCount "42"]
[EventDate "2016.11.06"]
[EventType "team-tourn"]
[EventRounds "9"]
[SourceDate "2016.10.16"]
[WhiteTeam "SG Neubrandenburg II"]
[BlackTeam "HSG Uni Rostock"]

1. e4 e6 2. d4 d5 3. Nc3 Bb4 4. a3 Bxc3+ 5. bxc3 dxe4 6. Qg4 Nf6 7. Qxg7 Rg8 8.
Qh6 b6 9. Bg5 Rg6 10. Bxf6 Rxh6 11. Bxd8 Kxd8 12. g3 Bb7 13. Bg2 Nd7 14. Nh3
Ke7 15. O-O-O c5 16. Ng5 f5 17. h4 Rc8 18. Rhe1 cxd4 19. cxd4 e5 20. Bh3 Rhc6
21. Rd2 h6 1/2-1/2

[Event "1617LLO"]
[Site "Mecklenburg-Vorpommern"]
[Date "2016.11.06"]
[Round "2.3"]
[White "Schwetlick, Thomas"]
[Black "Rehbein, Hans Juergen"]
[Result "0-1"]
[WhiteElo "1830"]
[BlackElo "1730"]
[PlyCount "62"]
[EventDate "2016.11.06"]
[EventType "team-tourn"]
[EventRounds "9"]
[SourceDate "2016.10.16"]
[WhiteTeam "HSG Uni Rostock"]
[BlackTeam "SG Neubrandenburg II"]

1. d4 Nf6 2. c4 g6 3. Nc3 Bg7 4. e4 d6 5. Nf3 O-O 6. Be2 Nbd7 7. e5 dxe5 8.
dxe5 Ng4 9. e6 Bxc3+ 10. bxc3 Nde5 11. Nd4 f5 12. Bf4 c5 13. Nb3 Qxd1+ 14. Rxd1
Bxe6 15. h3 g5 16. Bxg5 Nf6 17. Nxc5 Bxc4 18. Bxc4+ Nxc4 19. Ne6 Rf7 20. f3 Rc8
21. Kf2 Nd6 22. Rd3 Nfe4+ 23. Ke3 Nc4+ 24. Kf4 Nf2 25. Rd8+ Rxd8 26. Nxd8 e5+
27. Kg3 Nxh1+ 28. Kh2 Nf2 29. Nxf7 Kxf7 30. g4 Ke6 31. Kg2 Nd1 0-1

[Event "1617LLO"]
[Site "Mecklenburg-Vorpommern"]
[Date "2016.11.06"]
[Round "2.4"]
[White "Leisner, Ekkehardt"]
[Black "Ivanov, Sergey V"]
[Result "0-1"]
[WhiteElo "1713"]
[BlackElo "1735"]
[PlyCount "72"]
[EventDate "2016.11.06"]
[EventType "team-tourn"]
[EventRounds "9"]
[SourceDate "2016.10.16"]
[WhiteTeam "SG Neubrandenburg II"]
[BlackTeam "HSG Uni Rostock"]

1. c4 f5 2. Nf3 Nf6 3. Nc3 d6 4. d4 e6 5. e3 Be7 6. Bd3 O-O 7. O-O b6 8. Re1 d5
9. Ne5 Bb7 10. Qc2 Nbd7 11. Nxd7 Qxd7 12. f3 c5 13. cxd5 Nxd5 14. Nxd5 exd5 15.
dxc5 Rac8 16. Qe2 Bxc5 17. Kh1 Rce8 18. Qd2 Rf6 19. b4 Bd6 20. a4 Qe7 21. Rb1
Rh6 22. h3 Qg5 23. Rf1 Qg3 24. f4 d4 25. e4 fxe4 26. Bc4+ Kh8 27. Qxd4 e3 28.
Bd5 e2 29. Bb2 exf1=Q+ 30. Rxf1 Bxd5 31. Qxd5 Bxf4 32. Bxg7+ Qxg7 33. Rxf4 Rhe6
34. Rg4 Re1+ 35. Kh2 Qe5+ 36. Qxe5+ R1xe5 0-1

[Event "1617LLO"]
[Site "Mecklenburg-Vorpommern"]
[Date "2016.11.06"]
[Round "2.5"]
[White "Sager, Bernd"]
[Black "Lange, Ingo"]
[Result "1/2-1/2"]
[WhiteElo "1795"]
[BlackElo "1729"]
[PlyCount "52"]
[EventDate "2016.11.06"]
[EventType "team-tourn"]
[EventRounds "9"]
[SourceDate "2016.10.16"]
[WhiteTeam "HSG Uni Rostock"]
[BlackTeam "SG Neubrandenburg II"]

1. d4 Nf6 2. c4 g6 3. Nf3 Bg7 4. g3 O-O 5. Bg2 c5 6. O-O cxd4 7. Nxd4 Nc6 8. e3
Qb6 9. Nc3 d6 10. Re1 Bd7 11. Rb1 Rac8 12. b3 Rfe8 13. Bb2 a6 14. Qd2 Ne5 15.
Nce2 Nfg4 16. h3 Nh6 17. Bc3 Nf5 18. Nf4 Nxd4 19. exd4 Nc6 20. Nd5 Qa7 21. Red1
Bf5 22. Rbc1 Rcd8 23. a4 e5 24. dxe5 Nxe5 25. Bd4 Qb8 26. Qg5 Bxh3 1/2-1/2

[Event "1617LLO"]
[Site "Mecklenburg-Vorpommern"]
[Date "2016.11.06"]
[Round "2.6"]
[White "Buenz, Heinrich"]
[Black "Hantel, Thomas"]
[Result "1-0"]
[WhiteElo "1638"]
[BlackElo "1648"]
[PlyCount "55"]
[EventDate "2016.11.06"]
[EventType "team-tourn"]
[EventRounds "9"]
[SourceDate "2016.10.16"]
[WhiteTeam "SG Neubrandenburg II"]
[BlackTeam "HSG Uni Rostock"]

1. Nf3 d5 2. g3 c5 3. Bg2 Nf6 4. O-O e6 5. d3 Nc6 6. e3 Be7 7. c4 O-O 8. b3 Qc7
9. Nc3 a6 10. Bb2 b6 11. cxd5 exd5 12. Rc1 Bg4 13. Qc2 Rac8 14. Ne2 Rfd8 15. d4
Nb4 16. Qb1 c4 17. Nf4 Ne4 18. Nxd5 Nxd5 19. Qxe4 Nf6 20. Qc2 b5 21. Ne5 Be6
22. Rfd1 Nd7 23. Nc6 Re8 24. Nxe7+ Rxe7 25. d5 Bg4 26. Rd4 Bh5 27. d6 Bg6 28.
Qc3 1-0